<?xml version="1.0" encoding="UTF-8"?>
<record
    xmlns:xsi="http://www.w3.org/2001/XMLSchema-instance"
    xsi:schemaLocation="http://www.loc.gov/MARC21/slim http://www.loc.gov/standards/marcxml/schema/MARC21slim.xsd"
    xmlns="http://www.loc.gov/MARC21/slim">

  <leader>00410nam a22001451  4500</leader>
  <datafield tag="040" ind1=" " ind2=" ">
    <subfield code="c">DLC</subfield>
  </datafield>
  <datafield tag="082" ind1=" " ind2=" ">
    <subfield code="a">551 W.E.F 1961 A084 Or.</subfield>
  </datafield>
  <datafield tag="100" ind1="1" ind2="0">
    <subfield code="a">Kummel, Bernhard,</subfield>
  </datafield>
  <datafield tag="245" ind1="1" ind2="0">
    <subfield code="a">History of the earth;</subfield>
    <subfield code="b">an introduction to historical geology.</subfield>
  </datafield>
  <datafield tag="260" ind1="0" ind2=" ">
    <subfield code="a">San Francisco,</subfield>
    <subfield code="b">W. H. Freeman</subfield>
    <subfield code="c">[1961]</subfield>
  </datafield>
  <datafield tag="300" ind1=" " ind2=" ">
    <subfield code="a">xii,610 p.</subfield>
    <subfield code="b">illus.</subfield>
    <subfield code="c">26 cm</subfield>
  </datafield>
  <datafield tag="650" ind1=" " ind2="0">
    <subfield code="a">Geology, Stratigraphic</subfield>
  </datafield>
  <datafield tag="650" ind1=" " ind2="0">
    <subfield code="a">Paleontology</subfield>
  </datafield>
  <datafield tag="942" ind1=" " ind2=" ">
    <subfield code="c">EK</subfield>
  </datafield>
  <datafield tag="999" ind1=" " ind2=" ">
    <subfield code="c">16150</subfield>
    <subfield code="d">16150</subfield>
  </datafield>
  <datafield tag="952" ind1=" " ind2=" ">
    <subfield code="0">0</subfield>
    <subfield code="1">0</subfield>
    <subfield code="4">0</subfield>
    <subfield code="6">551_000000000000000_W_E_F_1961_A084_OR</subfield>
    <subfield code="7">0</subfield>
    <subfield code="9">69980</subfield>
    <subfield code="a">LBA</subfield>
    <subfield code="b">LBA</subfield>
    <subfield code="c">A084</subfield>
    <subfield code="d">2018-01-17</subfield>
    <subfield code="o">551 W.E.F 1961 A084 Or.</subfield>
    <subfield code="p">A25554</subfield>
    <subfield code="r">2018-01-17</subfield>
    <subfield code="w">2018-01-17</subfield>
    <subfield code="y">EK</subfield>
  </datafield>
</record>
